000 00569nam a2200181Ia 4500
008 100917s9999 xx 000 0 und d
082 _b47744
100 _aवाळिंबे मो. मा.
245 _aनामदार गोखले
260 _bअरगडे कुलकर्णी प्रकाशन
_c1968
300 _a22
365 _b0.5
520 _aबालविभाग
630 _aनामदार गोखले
650 _aबालविभाग
730 _aनामदार गोखले
942 _cBOOK
999 _c653138
_d653135